| 000 | 00761nam a2200253 a 4500 | ||
|---|---|---|---|
| 001 | 65810 | ||
| 003 | BD-RjUL | ||
| 005 | 20211209081451.0 | ||
| 008 | 170312s1964 njua b 001 0 eng d | ||
| 035 | _a(BD-RjUL) 65940) | ||
| 040 |
_aDLC _cDLC _dBD-RjUL _beng |
||
| 041 | _aeng | ||
| 082 | 0 | 0 |
_a631.52 _223 _bBRA 1964 |
| 100 | 1 |
_aBrewbaker, James L. _9194607 |
|
| 245 | 1 | 0 |
_aAgricultural genetics / _c[by] James L. Brewbaker. |
| 260 |
_aEnglewood Cliffs ; _bPrentice-Hall, _cc1964. |
||
| 300 |
_axiii, 156 p. _bill. ; _c24 cm. |
||
| 490 | 0 | _aFoundations of modern genetics series | |
| 504 | _aIncludes bibliographies and Index. | ||
| 650 | 0 |
_aGenetics. _9194608 |
|
| 856 | _3Foundations of modern genetics series | ||
| 942 |
_2ddc _cBK |
||
| 999 |
_c65810 _d65810 |
||